000 00432cam a22001457a 4500
008 180718b2005 xxu||||| |||| 00| 0 eng d
082 _aA81x54 01/19PCA
100 _aCensus of India 2001
245 _aAssam: primary census abstract
260 _aDelhi
_bThe Controller of Publications
_c2005
300 _a476p.
440 _aCensus of India 2001. Series-19, Assam
500 _aContents: Tables A5-A9
650 _aAssam - Census
999 _c484983
_d484983